000 00348nam a22001457a 4500
008 230411b |||||||| |||| 00| 0 eng d
020 _a9781509800018
082 _a813.54
100 _aZen Cho
245 _aBlack Water Sister
260 _bPan Macmillan,
_c2022
300 _a370 p.
_c20 cm
942 _2ddc
999 _c9544
_d9545